Statistics for Word Chain - Japan

Click here to take the quiz!

General Stats

  • This quiz has been taken 587 times
  • The average score is 14 of 22

Answer Stats

ClueAnswer% Correct
Currency of JapanYen
99%
Country nickname: "Land of the ______ Sun"Rising
97%
Tree whose blossoms are celebratedCherry
93%
Japanese animationAnime
90%
Famous movie monster and official citizenGodzilla
87%
Traditional hostess and entertainerGeisha
83%
Smileys used in electronic massagesEmoji
82%
National sportSumo
80%
Title of the Japanese monarchEmperor
79%
"Japan" in JapaneseNihon
77%
Most common form of saying "thanks" in JapaneseArigato
71%
Major car brandNissan
66%
Over 300,000 were killed by the Japanese in the 1937-38 massacre of this Chinese cityNanjing
60%
Major camera company with namesake of a Greek mountainOlympus
59%
Southernmost prefecture where karate was inventedOkinawa
56%
Current prime ministerAbe
52%
Third most populous metropolitan areaNagoya
44%
Japanese for "number one"Ichiban
41%
Director of "Spirited Away" and "Ponya"Miyazaki
27%
"Sakoku" was the practice of this "ism" during the the Tokugawa shogunateIsolationism
12%
Hiromasa Yonebayashi animation about a tiny teenage: "The Secret World of ________"Arrietty
10%
Akira Kurosawa movie about a nameless Samurai with no masterYojimbo
6%

Score Distribution

Percentile by Number Answered

Percent of People with Each Score

Your Score History

You have not taken this quiz